| 000 | 05450nam a22004457a 4500 | ||
|---|---|---|---|
| 005 | 20100706111722.0 | ||
| 010 | _aHIN-89608 B-427136-151 | ||
| 020 |
_c250.00 _a9789350002520 |
||
| 035 | _aHN-61954 | ||
| 035 | _aB-427136-151 | ||
| 037 | _bDBAD / PUB | ||
| 037 | _bएलाईड पब्लिशर्स | ||
| 082 | _a820.8 | ||
| 245 |
_aसाहित्य और समयः _cबद्री नारायण द्वारा संपादित _bअन्तःसम्बन्धों पर पुनर्विचार / |
||
| 246 |
_aSahitya aur samaya; anthsambandhon par punarvichar/ _bby Badri Narayan |
||
| 260 |
_aनई दिल्ली _bवाणी प्रकाशन _c2010 |
||
| 270 |
_a4695, 21-ए, दरियागंज _bनई दिल्ली _e110002 |
||
| 300 |
_a146पृ _c22सेमी (सजिल्द) |
||
| 650 |
_aहिन्दी साहित्य _xसंग्रह _927288 |
||
| 700 |
_aनारायण, बद्री _919700 |
||
| 942 |
_2ddc _cHN _mसाहित्य _h820.8 |
||
| 999 |
_c36808 _d36808 |
||